000 00320 a2200145 4500
001 151647
040 _cEscola São Tomás de Aquino
240 1 0 _aRomeu e Julieta
_lpor
245 1 0 _aRomeu e Julieta
300 _a96
362 0 _a2005
440 1 _aEscala Educacional
697 _a*LITERATURA JUVENIL
942 _cBK
999 _c151647
_d151647